000 00833nam a22002297a 4500
999 _c5405
_d5405
003 AR-CdUCM
008 190312b ||||| |||| 00| 0 spa d
040 _aMUNICIPALIDAD PROVINCIAL DEL CUSCO
_cBIBLIOTECA MUNICIPAL DEL CUSCO
082 _a702.985 /
_bSA18
110 _aAsociación de Artistas Plásticos del Cusco
_916291
245 _aSalón de arte contemporaneo cusqueño /
260 _aCusco :
_bINC,
_c2004.
300 _a30 páginas ;
_bilustraciones, fotografías,
_c20.5 cm.
500 _aExposición de arte realizado en 2004 del 16 al 30 de junio
650 _aArtistas Plásticos Cusqueños
_916292
650 _aCusco
_9772
650 _aSiglo XXI
_92856
710 _aMunicipalidad del Provincial del Cusco
_916293
710 _aCentro Cultural Chavez de la Rosa
_916294
942 _2ddc
_cLIBROS
945 _araen